A practical guide to investment valuation using Microsoft Excel /

Guardado en:
Otros Autores: Rey, Sebastián Alejandro.
Formato: Libro
Idioma:English
Publicado: Buenos Aires : Omicron System, 2005.
Edición:1st ed.
Materias:
Etiquetas: Agregar Etiqueta
Sin Etiquetas, Sea el primero en etiquetar este registro!
LEADER 00824nam a22002175a 4500
001 EAD.ead004474
008 200909s2005####ag#######b####000#0#eng#d
005 20200909180641.0
245 0 2 |a A practical guide to investment valuation using Microsoft Excel /  |c Sebastián A. Rey … [et al.]. 
250 |a 1st ed. 
260 |a Buenos Aires :  |b Omicron System,  |c 2005. 
300 |a 221 p. ;  |c 23 +  |e 1 CD-ROM. 
500 |a ''Issues in investment decision-making. Techniques for valuing firms. Valuing options and bonds"--Tapa. 
504 |a Incluye referencias bibliográficas. 
020 |a 9871046529 
700 1 |a Rey, Sebastián Alejandro. 
082 0 4 |a 658.15  |2 21 
650 7 |a Valoración financiera.  |2 isoc 
650 7 |a Opciones.  |2 isoc 
650 7 |a Bonos.  |2 unbist 
859 |a AR-BaBDC  |b BIB. ADMINISTRACION - Libros  |h 658.15  |i R33  |p b06984